000 00457nam a2200181Ia 4500
001 1495
005 20260306143732.0
008 260306t2001||||xx |||||||||||||| ||spa||
041 _aESP
082 _a150.287
_bG23
100 _aGarcía García, Carmen
_eAUT
245 0 _a165 Ejercicios resueltos de teoría clásica de los tests
260 _c2001
300 _a158 páginas :
_c24 cm.
650 _aGEN
654 _aCPS
942 _cLIB
_dJUS
_fJUS
_2ddc
_n
999 _c1495
_d1495